The noble scholar, jurist, historian


 His Excellency Dr. Abdul Wahhab bin Ibrahim Abu Sulaiman, may Allah have mercy on him.


 He was born in Umm Al-Qura in the year 1356 AH.

الحكم الشرعي : (Record no. 13623)

MARC details
000 -LEADER
fixed length control field 01449ctm a22002891i 4500
003 - CONTROL NUMBER IDENTIFIER
control field SA-RiAUC
005 - DATE AND TIME OF LATEST TRANSACTION
control field 20251221141752.0
008 - FIXED-LENGTH DATA ELEMENTS--GENERAL INFORMATION
fixed length control field 251221s1979 su f m 000 0 ara c
040 ## - CATALOGING SOURCE
Original cataloging agency SA-JeALM
Language of cataloging ara
Transcribing agency SA-RiAUC
Description conventions rda
082 04 - DEWEY DECIMAL CLASSIFICATION NUMBER
Classification number 250
Assigning agency SA-RiAUC
090 ## - LOCALLY ASSIGNED LC-TYPE CALL NUMBER (OCLC); LOCAL CALL NUMBER (RLIN)
Classification number (OCLC) (R) ; Classification number, CALL (RLIN) (NR) ر 250
Local cutter number (OCLC) ; Book number/undivided call number, CALL (RLIN) ق ا ر
100 1# - MAIN ENTRY--PERSONAL NAME
Personal name قاري، لطيفة حسن محمد،
Dates associated with a name 1362 هجري-
Relator term مؤلف.
245 12 - TITLE STATEMENT
Title الحكم الشرعي :
Remainder of title حقيقته وأقسامه /
Statement of responsibility, etc. إعداد لطيفة حسن محمد قاري ؛ إشراف أحمد فهمي أبو سنة.
264 #0 - PRODUCTION, PUBLICATION, DISTRIBUTION, MANUFACTURE, AND COPYRIGHT NOTICE
Place of production, publication, distribution, manufacture مكة المكرمة :
Name of producer, publisher, distributor, manufacturer جامعة الملك عبدالعزيز .
Date of production, publication, distribution, manufacture, or copyright notice 1980
300 ## - PHYSICAL DESCRIPTION
Extent 157 ورقة ؛
Dimensions 30 سم
336 ## - CONTENT TYPE
Content type term نص
Content type code txt
Source rdacontent
Materials specified أطروحة
337 ## - MEDIA TYPE
Media type term بدون وسيط
Media type code n
Source rdamedia
338 ## - CARRIER TYPE
Carrier type term مجلد
Carrier type code nc
Source rdacarrier
500 ## - GENERAL NOTE
General note اهداء من المؤلفة لطيفة حسن محمد قاري الى الشيخ رحمه الله بتاريخ 20 / 9 / 1400 هـ
500 ## - GENERAL NOTE
General note أطروحة (ماجستير)-جامعة الملك عبدالعزيز ، مكة المكرمة 1400 هجري.
502 ## - DISSERTATION NOTE
Dissertation note أطروحة (ماجستير)-جامعة الملك عبدالعزيز ، مكة المكرمة 1400 هجري.
650 #7 - SUBJECT ADDED ENTRY--TOPICAL TERM
Topical term or geographic name entry element الفقه الإسلامي
Source of heading or term aucsh
650 #7 - SUBJECT ADDED ENTRY--TOPICAL TERM
Topical term or geographic name entry element أصول الفقه الإسلامي
Source of heading or term aucsh
700 ## - ADDED ENTRY--PERSONAL NAME
Personal name أبو سنة، أحمد فهمي
Relator term مشرف .
942 ## - ADDED ENTRY ELEMENTS (KOHA)
Source of classification or shelving scheme Dewey Decimal Classification
Koha item type رسالة علمية
Suppress in OPAC No
949 ## - LOCAL PROCESSING INFORMATION (OCLC)
a SA-JeALM
d 251221
u osman123
n 1
Holdings
Withdrawn status Lost status Source of classification or shelving scheme Damaged status Not for loan Collection Home library Current library Date acquired Total checkouts Full call number Barcode Date last seen Price effective from Koha item type
    Dewey Decimal Classification     اهداء DR AbdElwahab Library DR AbdElwahab Library 12/21/2025   ر 250 ق ا ر 000021850 12/21/2025 12/21/2025 رسالة علمية